[Event "Poronin op"]
[Site "Poronin"]
[Date "2023.01.07"]
[Round "3"]
[White "Marszalek, Jakub"]
[Black "Biela, Mikolaj"]
[Result "0-1"]
[WhiteElo "1356"]
[BlackElo "1169"]
[PlyCount "108"]
[EventDate "2023.01.06"]
[EventType "swiss"]
[EventRounds "9"]
[EventCountry "POL"]
[SourceTitle "CBM 212 Extra"]
[Source "ChessBase"]
[SourceDate "2023.03.31"]
[SourceVersion "1"]
[SourceVersionDate "2023.03.31"]
[SourceQuality "1"]

1. Nc3 d5 2. d4 Nf6 3. h3 g6 4. Nf3 Bg7 5. Bf4 c6 6. e3 0-0 7. Bd3 Nbd7 8. 0-0 Qb6 9. Rb1 c5 10. Na4 Qa5 11. c3 c4 12. Be2 b5 13. Nc5 Nxc5 14. dxc5 Bb7 15. Nd4 Rac8 16. b4 Qa6 17. Ra1 Bc6 18. a4 Qb7 19. axb5 Bxb5 20. Nxb5 Qxb5 21. Rxa7 Ne4 22. Qxd5 Nxc3 23. Qf3 e5 24. Bg3 e4 25. Qg4 h5 26. Qd7 Nxe2+ 27. Kh2 Qxd7 28. Rxd7 c3 29. Bd6 Rfd8 30. Rxd8+ Rxd8 31. b5 Rxd6 32. cxd6 Be5+ 33. g3 Bxd6 34. Rd1 c2 35. Ra1 c1Q 36. Rxc1 Nxc1 37. Kg2 Bc5 38. Kf1 Na2 39. Ke1 Nc3 40. Kd2 Nxb5 41. Kc2 Bb4 42. Kb3 Be1 43. Kc4 Bxf2 44. Kxb5 Bxe3 45. Kc4 f5 46. Kd5 Bf2 47. g4 e3 48. gxf5 e2 49. fxg6 e1Q 50. Kd6 Qe4 51. h4 Bg3+ 52. Kd7 Qd5+ 53. Ke7 Bxh4+ 54. Ke8 Qd8# 0-1

[Event "Poronin op"]
[Site "Poronin"]
[Date "2023.01.06"]
[Round "2"]
[White "Krzeszowiec, Wojciech"]
[Black "Marszalek, Jakub"]
[Result "1/2-1/2"]
[WhiteElo "1194"]
[BlackElo "1356"]
[PlyCount "114"]
[EventDate "2023.01.06"]
[EventType "swiss"]
[EventRounds "9"]
[EventCountry "POL"]
[SourceTitle "CBM 212 Extra"]
[Source "ChessBase"]
[SourceDate "2023.03.31"]
[SourceVersion "1"]
[SourceVersionDate "2023.03.31"]
[SourceQuality "1"]

1. c4 c5 2. g3 d6 3. Bg2 Nf6 4. Nf3 g6 5. b3 Bg7 6. Bb2 0-0 7. 0-0 Nc6 8. d3 Bd7 9. h3 a6 10. Nc3 Rb8 11. d4 cxd4 12. Nxd4 Ne5 13. e4 Qc8 14. Kh2 h5 15. f4 Nc6 16. Nc2 Kh7 17. Ne3 Rh8 18. Ncd5 Kg8 19. Nxf6+ exf6 20. Qxd6 Qd8 21. Rad1 Be6 22. Qxd8+ Rxd8 23. f5 gxf5 24. exf5 Rxd1 25. Rxd1 Bc8 26. Bxc6 bxc6 27. Rd6 Bb7 28. Bxf6 Bxf6 29. Rxf6 Kg7 30. Rd6 Re8 31. Rd3 a5 32. g4 hxg4 33. hxg4 Kf6 34. Kg3 Re4 35. Kf2 Re7 36. Kg3 Ke5 37. Ng2 Kf6 38. a3 Ba8 39. b4 axb4 40. axb4 Rb7 41. Ra3 Rb8 42. Ra6 Rd8 43. Ne3 Ke5 44. g5 Ke4 45. Ra3 Rg8 46. Kg4 Bb7 47. b5 cxb5 48. cxb5 Bc8 49. b6 f6 50. Ra4+ Kxe3 51. g6 Rxg6+ 52. Kh5 Rg5+ 53. Kh6 Rxf5 54. Rb4 Bb7 55. Kg6 Rf2 56. Rc4 Bd5 57. Rc7 Rb2 1/2-1/2

[Event "Polanica Zdroj op-B 56th"]
[Site "Polanica Zdroj"]
[Date "2020.08.15"]
[Round "1"]
[White "Rapiej, Andrzej"]
[Black "Marszalek, Jakub"]
[Result "1-0"]
[WhiteElo "1731"]
[BlackElo "1362"]
[PlyCount "77"]
[EventDate "2020.08.15"]
[EventType "swiss"]
[EventRounds "9"]
[EventCountry "POL"]
[SourceTitle "CBM 198 Extra"]
[Source "ChessBase"]
[SourceDate "2020.11.30"]
[SourceVersion "1"]
[SourceVersionDate "2020.11.30"]
[SourceQuality "1"]

1. e4 c5 2. Nf3 g6 3. d4 cxd4 4. c3 Bg7 5. cxd4 d6 6. Bc4 Nf6 7. Qa4+ Bd7 8. Qb3 0-0 9. e5 dxe5 10. Nxe5 e6 11. Qxb7 Nc6 12. Nxc6 Qe8 13. Ne5 Rc8 14. Bg5 Bc6 15. Nxc6 Qxc6 16. Qxc6 Rxc6 17. Nd2 Rfc8 18. b3 h6 19. Be3 Nd5 20. Nf3 f6 21. Kd2 Kh7 22. Rhc1 g5 23. Bxd5 Rxc1 24. Be4+ f5 25. Bxf5+ exf5 26. Rxc1 Rxc1 27. Kxc1 f4 28. Bd2 Kg6 29. Kc2 Kf5 30. Kd3 h5 31. Kc4 Bf6 32. d5 g4 33. Nd4+ Ke4 34. d6 Bxd4 35. Bxf4 Bxf2 36. d7 Bb6 37. Bg5 Bc7 38. d8Q Bxd8 39. Bxd8 1-0

[Event "Krakow Malopolski-chB"]
[Site "Krakow"]
[Date "2015.04.26"]
[Round "1.2"]
[White "Mintenko, Heorhiy"]
[Black "Marszalek, Jakub"]
[Result "1-0"]
[WhiteElo "1934"]
[BlackElo "1477"]
[PlyCount "63"]
[EventDate "2015.04.26"]
[EventType "swiss"]
[EventRounds "9"]
[EventCountry "POL"]
[SourceTitle "EXT 2023"]
[Source "ChessBase"]
[SourceDate "2022.10.05"]
[SourceVersion "1"]
[SourceVersionDate "2022.10.05"]
[SourceQuality "1"]

1. d4 Nc6 2. Bf4 e6 3. Nf3 d6 4. e3 Nce7 5. Be2 Ng6 6. Bg3 Be7 7. Nbd2 Nf6 8. h3 c6 9. c3 a6 10. a4 Bd7 11. 0-0 0-0 12. e4 Nh5 13. Bh2 Ngf4 14. Bc4 b5 15. Bb3 c5 16. c4 cxd4 17. Nxd4 Bf6 18. N2f3 Qb6 19. Qd2 Bxd4 20. Nxd4 Qxd4 21. Bxf4 Nxf4 22. Qxf4 e5 23. Qf3 bxc4 24. Qd1 Qxb2 25. Bxc4 Be6 26. Qd3 Bxc4 27. Qxc4 Rfc8 28. Qd5 Rab8 29. a5 h6 30. Rab1 Qc2 31. Rb7 Rf8 32. Rb6 1-0

[Event "Krakow Malopolski-chB"]
[Site "Krakow"]
[Date "2014.04.27"]
[Round "1"]
[White "Kowalewski, Wladyslaw"]
[Black "Marszalek, Jakub"]
[Result "1-0"]
[WhiteElo "1732"]
[BlackElo "1480"]
[PlyCount "59"]
[EventDate "2014.04.27"]
[EventType "swiss"]
[EventRounds "9"]
[EventCountry "POL"]
[SourceTitle "CBM 160 Extra"]
[Source "ChessBase"]
[SourceDate "2014.07.01"]
[SourceVersion "1"]
[SourceVersionDate "2014.07.01"]
[SourceQuality "1"]

1. e4 Nc6 2. d4 e5 3. dxe5 Nxe5 4. f4 Ng6 5. Nf3 d6 6. Bc4 Be7 7. 0-0 c6 8. Nc3 Nf6 9. b3 0-0 10. Bb2 b5 11. Bd3 Ng4 12. Qd2 b4 13. Ne2 Qb6+ 14. Kh1 Nf2+ 15. Rxf2 Qxf2 16. Bd4 Bf6 17. e5 dxe5 18. Bxf2 exf4 19. Rf1 a5 20. Bxg6 hxg6 21. Qxf4 Bf5 22. Nfd4 Bd7 23. Bh4 Bxh4 24. Qxh4 Rae8 25. Ng3 c5 26. Nf3 f6 27. h3 Re3 28. Qc4+ Kh7 29. Ng5+ Kh8 30. Qh4+ 1-0

[Event "Krakow Malopolski-chB"]
[Site "Krakow"]
[Date "2011.??.??"]
[Round "1"]
[White "Lenda, Lukasz"]
[Black "Marszalek, Jakub"]
[Result "1-0"]
[WhiteElo "1856"]
[BlackElo "1648"]
[PlyCount "91"]
[EventDate "2011.05.01"]
[EventType "swiss"]
[EventRounds "9"]
[EventCountry "POL"]
[SourceTitle "EXT 2013"]
[Source "ChessBase"]
[SourceDate "2012.11.22"]
[SourceVersion "1"]
[SourceVersionDate "2012.11.22"]
[SourceQuality "1"]

1. b4 Nc6 2. a3 e5 3. Bb2 d6 4. e3 Nf6 5. c4 Be7 6. Nc3 Be6 7. Nf3 a6 8. d4 exd4 9. exd4 Bg4 10. Be2 0-0 11. d5 Nb8 12. 0-0 Nbd7 13. Nd4 Ne5 14. f3 Bd7 15. f4 Neg4 16. Qd3 g6 17. h3 Nh6 18. g4 Ne8 19. f5 Ng7 20. Rf3 Bh4 21. Raf1 gxf5 22. gxf5 Qg5+ 23. Kh1 Rae8 24. Bc1 Qf6 25. Ne4 Rxe4 26. Qxe4 Re8 27. Qd3 Nh5 28. Rg1+ Kh8 29. Re3 Ng7 30. Rxe8+ Bxe8 31. Qe3 Ng8 32. Bb2 Bd7 33. Qd2 Qe7 34. Ne6 Bf6 35. Bxf6 Nxf6 36. Nxg7 Qe4+ 37. Rg2 Qh4 38. Qe3 Ne4 39. Bd3 Nf6 40. Qg3 Qh6 41. Nh5 Qc1+ 42. Rg1 Qxg1+ 43. Qxg1 Nxh5 44. Qg5 Ng7 45. f6 Ne8 46. Qh6 1-0

[Event "Polanica Zdroj op-E 46th"]
[Site "Polanica Zdroj"]
[Date "2010.08.26"]
[Round "8"]
[White "Marszalek, Jakub"]
[Black "Bartosik, Lech"]
[Result "1/2-1/2"]
[WhiteElo "1641"]
[BlackElo "1797"]
[PlyCount "157"]
[EventDate "2010.08.19"]
[EventType "swiss"]
[EventRounds "10"]
[EventCountry "POL"]
[SourceTitle "CBM 138 Extra"]
[Source "ChessBase"]
[SourceDate "2010.10.29"]
[SourceVersion "1"]
[SourceVersionDate "2010.10.29"]
[SourceQuality "1"]

1. Nc3 d5 2. e4 d4 3. Nce2 e5 4. h3 c5 5. Nf3 Nc6 6. Ng3 g6 7. Bb5 Bd6 8. a3 Be6 9. Qe2 f6 10. a4 a6 11. Bc4 Qd7 12. c3 Na5 13. Bxe6 Qxe6 14. b4 Nb3 15. Rb1 dxc3 16. dxc3 Nxc1 17. Rxc1 cxb4 18. 0-0 bxc3 19. Rxc3 Ne7 20. Qb2 Rb8 21. Rfc1 0-0 22. h4 Rfc8 23. Rxc8+ Rxc8 24. Rd1 Rb8 25. h5 b5 26. hxg6 hxg6 27. Qd2 Bc7 28. Qh6 Rd8 29. Rc1 Bb6 30. axb5 axb5 31. Nh4 Qf7 32. Nf3 Qh7 33. Qxh7+ Kxh7 34. Rb1 Rb8 35. Ne2 b4 36. g3 Nc6 37. Kf1 Nd4 38. Nd2 Nxe2 39. Kxe2 Bd4 40. f4 Bc3 41. Nc4 Rd8 42. Kf3 Rd3+ 43. Kg4 Rd4 44. Nb6 Rxe4 45. Nd5 exf4 46. Kf3 Rc4 47. Nxf4 Rd4 48. Rh1+ Kg8 49. Nxg6 b3 50. Ne7+ Kf7 51. Nf5 Ra4 52. Nd6+ Ke6 53. Ne4 Rc4 54. Ke3 Be5 55. Kd3 Rc6 56. Rb1 b2 57. Kd2 Kd5 58. Nf2 Kc4 59. Nd1 Kb3 60. Nxb2 Bxb2 61. Rf1 Rc3 62. Rg1 Kc4 63. g4 Rd3+ 64. Ke2 Rd5 65. Kf3 Rg5 66. Rb1 Bc3 67. Rb8 Kd4 68. Ra8 Rd5 69. Ra4+ Ke5 70. Re4+ Kd6 71. Rc4 Rd3+ 72. Ke4 Rg3 73. Kf5 Rf3+ 74. Kg6 Kd5 75. Rc8 Ke5 76. Rc5+ Kf4 77. Rc4+ Kg3 78. g5 f5 79. Kf7 1/2-1/2

[Event "Polanica Zdroj op-E 46th"]
[Site "Polanica Zdroj"]
[Date "2010.08.24"]
[Round "6"]
[White "Janocha, Jan"]
[Black "Marszalek, Jakub"]
[Result "1-0"]
[WhiteElo "1803"]
[BlackElo "1641"]
[PlyCount "79"]
[EventDate "2010.08.19"]
[EventType "swiss"]
[EventRounds "10"]
[EventCountry "POL"]
[SourceTitle "CBM 138 Extra"]
[Source "ChessBase"]
[SourceDate "2010.10.29"]
[SourceVersion "1"]
[SourceVersionDate "2010.10.29"]
[SourceQuality "1"]

1. e4 Nc6 2. d4 e5 3. d5 Nce7 4. c4 d6 5. Bd3 Ng6 6. Nc3 Be7 7. Nge2 Nf6 8. 0-0 Bg4 9. f3 Bd7 10. f4 exf4 11. Nxf4 Ne5 12. b3 a6 13. Be2 g6 14. Nd3 Nxd3 15. Bxd3 Ng4 16. Be2 Ne5 17. Be3 Bg5 18. Bd4 Qe7 19. a4 0-0 20. b4 f5 21. Qb3 Bh6 22. c5 Bg7 23. c6 Bc8 24. b5 Nf3+ 25. Bxf3 Bxd4+ 26. Kh1 b6 27. Rae1 Qh4 28. g3 Qg5 29. exf5 Bxf5 30. Ne4 Qh6 31. Qd3 Be5 32. Rf2 a5 33. Kg1 Rae8 34. Rfe2 Re7 35. Qd2 Qxd2 36. Nxd2 Bd3 37. Kg2 Bxe2 38. Rxe2 Kf7 39. Bg4 Kg7 40. Ne4 1-0

[Event "Kowalewo Pomorskie op-B 17th"]
[Site "Kowalewo Pomorskie"]
[Date "2010.07.08"]
[Round "6"]
[White "Marszalek, Jakub"]
[Black "Szybka, Andrzej"]
[Result "0-1"]
[WhiteElo "1641"]
[BlackElo "1940"]
[PlyCount "50"]
[EventDate "2010.07.04"]
[EventType "swiss"]
[EventRounds "9"]
[EventCountry "POL"]
[SourceTitle "EXT 2011"]
[Source "ChessBase"]
[SourceDate "2010.11.26"]
[SourceVersion "1"]
[SourceVersionDate "2010.11.26"]
[SourceQuality "1"]

1. Nc3 g6 2. e4 Bg7 3. Bc4 d6 4. Nf3 Nf6 5. Ng5 0-0 6. d3 e5 7. h3 c6 8. 0-0 b5 9. Bb3 a5 10. a4 b4 11. Ne2 h6 12. Nf3 Na6 13. Be3 Qe7 14. Ng3 Kh7 15. Nh2 Nd7 16. Qd2 Nac5 17. Rac1 Nxb3 18. cxb3 c5 19. Nf3 f5 20. exf5 gxf5 21. Bg5 hxg5 22. Nxg5+ Kg8 23. f4 exf4 24. Qxf4 Qe5 25. Qh4 Qd4+ 0-1

[Event "Rowy Seniors-ch 15th"]
[Site "Rowy"]
[Date "2009.09.13"]
[Round "6"]
[White "Marszalek, Jakub"]
[Black "Zarow, Elzbieta"]
[Result "0-1"]
[WhiteElo "1691"]
[BlackElo "1523"]
[PlyCount "118"]
[EventDate "2009.09.08"]
[EventType "swiss"]
[EventRounds "9"]
[EventCountry "POL"]
[SourceTitle "EXT 2010"]
[Source "ChessBase"]
[SourceDate "2010.11.25"]
[SourceVersion "1"]
[SourceVersionDate "2010.11.25"]
[SourceQuality "1"]

1. e4 c5 2. Bc4 e6 3. d3 h6 4. Nc3 Nf6 5. h3 Nc6 6. a3 d5 7. exd5 exd5 8. Ba2 d4 9. Nce2 Bd6 10. Nf3 Qc7 11. Bd2 Be6 12. Bxe6 fxe6 13. Qc1 0-0-0 14. Bf4 e5 15. Bh2 Qa5+ 16. Qd2 Qxd2+ 17. Nxd2 Rhe8 18. 0-0 e4 19. dxe4 Bxh2+ 20. Kxh2 Nxe4 21. Nxe4 Rxe4 22. Ng3 Re5 23. f4 Red5 24. Rac1 c4 25. f5 d3 26. cxd3 cxd3 27. Rfd1 Kb8 28. Rc3 R8d7 29. Kg1 Ne5 30. Ne4 b6 31. f6 g5 32. b4 Rc7 33. Rxc7 Kxc7 34. Nc3 Rd7 35. Kf2 Kd6 36. Kg3 Ke6 37. Rf1 d2 38. Nd1 Rd3+ 39. Kh2 Rxa3 40. Rf2 Rd3 41. Kg1 Kf7 42. Kf1 Nc4 43. Rf3 Rd6 44. Ke2 Rxf6 45. Nc3 Rxf3 46. gxf3 Ke6 47. b5 h5 48. Kd3 Ne5+ 49. Ke4 Ng6 50. Ke3 h4 51. Kxd2 Nf4 52. Ne4 Nxh3 53. Ke3 Kd5 54. Kd3 Nf4+ 55. Kc3 Ne6 56. Kb4 Kd4 57. Kb3 Nc5+ 58. Kc2 Nxe4 59. fxe4 Kxe4 0-1

[Event "POL-ch disabled"]
[Site "Rowy"]
[Date "2009.09.04"]
[Round "6.30"]
[White "Zatylny, Jan"]
[Black "Marszalek, Jakub"]
[Result "0-1"]
[WhiteElo "1682"]
[BlackElo "1691"]
[PlyCount "21"]
[EventDate "2009.09.01"]
[EventType "swiss"]
[EventRounds "9"]
[EventCountry "POL"]
[SourceTitle "EXT 2023"]
[Source "ChessBase"]
[SourceDate "2022.10.05"]
[SourceVersion "1"]
[SourceVersionDate "2022.10.05"]
[SourceQuality "1"]

1. d4 Nc6 2. c4 e5 3. e3 a6 4. a3 d6 5. d5 Nce7 6. e4 g6 7. Nd2 Bg7 8. Be2 h6 9. h3 Nf6 10. Ngf3 Bd7 11. 0-0 0-1

[Event "Kochan Memorial op-B 20th"]
[Site "Koszalin"]
[Date "2009.08.10"]
[Round "5"]
[White "Lenda, Lukasz"]
[Black "Marszalek, Jakub"]
[Result "1-0"]
[WhiteElo "1904"]
[BlackElo "1729"]
[PlyCount "65"]
[EventDate "2009.08.06"]
[EventType "swiss"]
[EventRounds "9"]
[EventCountry "POL"]
[SourceTitle "CBM 132 Extra"]
[Source "ChessBase"]
[SourceDate "2009.11.03"]
[SourceVersion "1"]
[SourceVersionDate "2009.11.03"]
[SourceQuality "1"]

1. e4 Nc6 2. d4 e6 3. d5 exd5 4. exd5 Ne5 5. f4 Ng6 6. Bd3 d6 7. Nf3 Be7 8. 0-0 Bf6 9. c4 N8e7 10. Qc2 Bg4 11. Be3 Qd7 12. Nd4 Bxd4 13. Bxd4 0-0 14. f5 Ne5 15. Bxe5 dxe5 16. h3 Bh5 17. g4 Bg6 18. fxg6 hxg6 19. Qe2 Qd6 20. Nc3 c6 21. Ne4 Qd8 22. d6 Nc8 23. c5 b6 24. b4 Rb8 25. Bc4 bxc5 26. bxc5 Rb4 27. Rxf7 Rxf7 28. Rf1 Rbb7 29. Qf3 Qe8 30. Bxf7+ Qxf7 31. Qxf7+ Rxf7 32. Rxf7 Kxf7 33. d7 1-0

[Event "Kochan Memorial op-B 20th"]
[Site "Koszalin"]
[Date "2009.08.08"]
[Round "3"]
[White "Marszalek, Jakub"]
[Black "Czuchnicki, Jan"]
[Result "0-1"]
[WhiteElo "1729"]
[BlackElo "1983"]
[PlyCount "96"]
[EventDate "2009.08.06"]
[EventType "swiss"]
[EventRounds "9"]
[EventCountry "POL"]
[SourceTitle "CBM 132 Extra"]
[Source "ChessBase"]
[SourceDate "2009.11.03"]
[SourceVersion "1"]
[SourceVersionDate "2009.11.03"]
[SourceQuality "1"]

1. Nc3 Nf6 2. Nf3 g6 3. e3 Bg7 4. d4 0-0 5. Bd3 d6 6. h3 Nbd7 7. 0-0 c5 8. Ne2 e5 9. dxe5 dxe5 10. Ng3 Qc7 11. c3 b6 12. Ng5 Bb7 13. f3 c4 14. Bc2 Nc5 15. Qe2 Rad8 16. N3e4 Nd3 17. Nxf6+ Bxf6 18. Ne4 Bg7 19. Nf2 Nxc1 20. Raxc1 f5 21. Rcd1 b5 22. e4 f4 23. b3 h5 24. a4 a6 25. axb5 axb5 26. b4 Bf6 27. Rxd8 Rxd8 28. Rd1 Bh4 29. Kf1 Kg7 30. Rd2 Ra8 31. Qd1 Bc6 32. Bb1 Kf7 33. Qc2 Ke7 34. Rd5 Bxf2 35. Kxf2 Bxd5 36. exd5 Qd6 37. Qe4 Ra3 38. g3 fxg3+ 39. Kg2 Kf7 40. Qc2 h4 41. Qe4 Qb6 42. Qe2 Ra1 43. Bxg6+ Qxg6 44. f4 Qd3 45. Qh5+ Qg6 46. Qe2 Rc1 47. Qxe5 Qc2+ 48. Kf3 Qd1+ 0-1

[Event "Polanica Zdroj op-C 44th"]
[Site "Polanica Zdroj"]
[Date "2008.08.22"]
[Round "4"]
[White "Marszalek, Jakub"]
[Black "Ratajczyk, Rafal"]
[Result "0-1"]
[WhiteElo "1710"]
[BlackElo "1880"]
[PlyCount "96"]
[EventDate "2008.08.19"]
[EventType "swiss"]
[EventRounds "9"]
[EventCountry "POL"]
[SourceTitle "CBM 126 Extra"]
[Source "ChessBase"]
[SourceDate "2008.11.05"]
[SourceVersion "1"]
[SourceVersionDate "2008.11.05"]
[SourceQuality "1"]

1. Nc3 d5 2. e4 d4 3. Nce2 e5 4. Nf3 Bd6 5. Ng3 Nc6 6. Bb5 a6 7. Be2 Nce7 8. Bc4 b5 9. Bb3 Nf6 10. h3 0-0 11. 0-0 Bd7 12. d3 Ng6 13. Bg5 h6 14. Bd2 Qc8 15. Kh2 c5 16. Qe2 Re8 17. c3 Nf4 18. Bxf4 exf4 19. Nh1 c4 20. Bc2 cxd3 21. Bxd3 Bc6 22. Kg1 Bxe4 23. Rfe1 Bxd3 24. Qxd3 Rxe1+ 25. Rxe1 Qd7 26. Nxd4 Re8 27. Re2 Be5 28. Kf1 Bxd4 29. Rxe8+ Nxe8 30. cxd4 Qc6 31. Qc3 Qe6 32. a3 Nf6 33. f3 Nd5 34. Qd2 Ne3+ 35. Kg1 Qc4 36. Qe1 Qxd4 37. Nf2 Qxb2 38. h4 Qf6 39. Ng4 Qd4 40. Kh1 Qd1 41. Qxd1 Nxd1 42. Ne5 Nb2 43. Kg1 Nc4 44. Nxc4 bxc4 45. Kf2 Kf8 46. Ke2 Ke7 47. Kd2 Kd6 48. Kc3 Kc5 0-1

[Event "Rowy op-A 17th"]
[Site "Rowy"]
[Date "2008.06.22"]
[Round "9.30"]
[White "Krolik, Wladyslaw"]
[Black "Marszalek, Jakub"]
[Result "1/2-1/2"]
[WhiteElo "1738"]
[BlackElo "1720"]
[PlyCount "36"]
[EventDate "2008.06.14"]
[EventType "swiss"]
[EventRounds "9"]
[EventCountry "POL"]
[SourceTitle "EXT 2023"]
[Source "ChessBase"]
[SourceDate "2022.10.05"]
[SourceVersion "1"]
[SourceVersionDate "2022.10.05"]
[SourceQuality "1"]

1. g3 d5 2. Bg2 e6 3. d3 c6 4. e3 Nd7 5. Nd2 Be7 6. Ne2 Ngf6 7. b3 Ne5 8. Bb2 Ng6 9. a3 0-0 10. 0-0 Ng4 11. h3 Nh6 12. Nf3 f5 13. Qd2 Bf6 14. c3 e5 15. Rad1 Be6 16. Qc2 Qc8 17. Kh2 Qc7 18. e4 f4 1/2-1/2

[Event "Rowy op-A 17th"]
[Site "Rowy"]
[Date "2008.06.16"]
[Round "3.29"]
[White "Krawczyk, Zbigniew"]
[Black "Marszalek, Jakub"]
[Result "1-0"]
[WhiteElo "1783"]
[BlackElo "1720"]
[PlyCount "59"]
[EventDate "2008.06.14"]
[EventType "swiss"]
[EventRounds "9"]
[EventCountry "POL"]
[SourceTitle "EXT 2023"]
[Source "ChessBase"]
[SourceDate "2022.10.05"]
[SourceVersion "1"]
[SourceVersionDate "2022.10.05"]
[SourceQuality "1"]

1. d4 d5 2. c4 e6 3. Nc3 Nf6 4. Nf3 c5 5. cxd5 exd5 6. e3 Nc6 7. Bb5 Bg4 8. h3 Be6 9. Ne5 Qb6 10. Bxc6+ bxc6 11. 0-0 c4 12. Re1 Be7 13. Na4 Qc7 14. Bd2 0-0 15. Qc2 Ne4 16. Nc3 f5 17. b3 Nxd2 18. Qxd2 Bf6 19. bxc4 dxc4 20. f4 Rfd8 21. Qe2 Bxe5 22. fxe5 Qa5 23. Rec1 Rd7 24. Rab1 Rad8 25. Qf3 c5 26. Qc6 Bd5 27. Qxc5 Qa6 28. Nxd5 Rxd5 29. Qxc4 Qxc4 30. Rxc4 1-0

[Event "Koszalin op"]
[Site "Koszalin"]
[Date "2008.06.12"]
[Round "6"]
[White "Marszalek, Jakub"]
[Black "Dus, Leszek"]
[Result "0-1"]
[WhiteElo "1720"]
[BlackElo "1927"]
[PlyCount "104"]
[EventDate "2008.06.07"]
[EventType "swiss"]
[EventRounds "9"]
[EventCountry "POL"]
[SourceTitle "EXT 2009"]
[Source "ChessBase"]
[SourceDate "2008.11.26"]
[SourceVersion "1"]
[SourceVersionDate "2008.11.26"]
[SourceQuality "1"]

1. Nc3 f5 2. Nf3 Nf6 3. d3 e6 4. a3 Bc5 5. e3 0-0 6. b4 Be7 7. Ne2 c5 8. c3 b6 9. Ng3 Bb7 10. Be2 f4 11. exf4 Nd5 12. Ne4 Nxf4 13. Bxf4 Rxf4 14. Qd2 Qf8 15. Qe3 Na6 16. 0-0 Nc7 17. Ne5 Rd8 18. c4 d5 19. Ng3 a6 20. Bf3 Bg5 21. Qe2 Rh4 22. Rab1 Ba8 23. b5 axb5 24. cxb5 Qe8 25. a4 Rxa4 26. Qc2 Ra5 27. Bh5 g6 28. Bg4 Bf6 29. Nf3 Rxb5 30. h4 Rxb1 31. Rxb1 Qc6 32. Qd2 Kg7 33. Bh3 b5 34. Qf4 Qd6 35. Qg4 Kh8 36. h5 Rg8 37. Re1 b4 38. Ng5 Bxg5 39. Qxg5 e5 40. h6 Ne8 41. Qxe5+ Qxe5 42. Rxe5 b3 43. Re1 Nf6 44. f4 c4 45. dxc4 dxc4 46. Be6 Re8 47. Kf1 b2 48. f5 c3 49. fxg6 hxg6 50. Ne2 c2 51. Nf4 c1Q 52. Nxg6+ Kh7 0-1